000 00344nam a22001457a 4500
003 OSt
005 20160727222339.0
008 160618b xxu||||| |||| 00| 0 eng d
040 _cTEST
100 _920
_aDean
245 _aMy Nursery Rhyme
_bPop.UP Book
260 _aMy Deans InLl
_c1984
300 _aMy Nursery Rhyme;Pop.UP Book
942 _2ddc
_cBK
999 _c20
_d20